The fast track career: a medical representative (Record no. 71021)

MARC details
000 -LEADER
fixed length control field 00374nam a2200145Ia 4500
008 - FIXED-LENGTH DATA ELEMENTS--GENERAL INFORMATION
fixed length control field 230917s9999||||xx |||||||||||||| ||und||
040 ## - CATALOGING SOURCE
-- 76810
Original cataloging agency VIVEKANANDA LIBRARY
041 ## - Language
-- English
082 ## - DDC NUMBER
Classification number 658.3 N153F
100 ## - MAIN ENTRY--PERSONAL NAME
Personal name Nandkarni, S S
245 #4 - TITLE STATEMENT
Title The fast track career: a medical representative
260 ## - PUBLICATION, DISTRIBUTION, ETC. (IMPRINT)
Place of publication, distribution, etc Madras
Name of publisher, distributor, etc S S Nadkarni
Date of publication, distribution, etc 1991
300 ## - PHYSICAL DESCRIPTION
Pages xvii, 240 p.
942 ## - ADDED ENTRY ELEMENTS (KOHA)
Koha item type Books
Holdings
Withdrawn status Lost status Damaged status Not for loan Location (home branch) Sublocation or collection (holding branch) Shelving location Date acquired Koha issues (times borrowed) Koha full call number Accession No. Koha date last seen Koha item type
        VIVEKANANDA LIBRARY VIVEKANANDA LIBRARY IMSAR Library 28/02/2003   658.3 N153F 144574 17/09/2023 Books
© Designed and Maintained by Vivekananda Library, MDU Rohtak